High stakes and desperate men : (Record no. 9425)

MARC details
000 -LEADER
fixed length control field 00697nam a2200181 a 4500
020 ## - INTERNATIONAL STANDARD BOOK NUMBER
ISBN 1135435820 (hardcover)
020 ## - INTERNATIONAL STANDARD BOOK NUMBER
ISBN 9781135435820 (hardcover)
245 10 - TITLE STATEMENT
Title High stakes and desperate men :
250 ## - EDITION STATEMENT
Edition statement First ed.
260 ## - PUBLICATION, DISTRIBUTION, ETC. (IMPRINT)
Place of publication [S.l.] :
Name of publisher Reader's Digest Association,
Year of publication 1974.
300 ## - PHYSICAL DESCRIPTION
Number of Pages 734 p. ;
520 ## - SUMMARY, ETC.
Summary, etc A selection of the best stories, true and fictional, about the dangerous shadow world of the spy.
700 1# - ADDED ENTRY--PERSONAL NAME
Personal name Digest, Reader's.
856 40 - ELECTRONIC LOCATION AND ACCESS
Uniform Resource Identifier http://www.amazon.com/exec/obidos/ASIN/B000OWIFY2/chopaconline-20
Holdings
Withdrawn status Lost status Collection code Home library Current library Date acquired Full call number Accession Number Koha item type
    Reference Reference Section Reference Section 05/09/2014 305.31ESP (Shelf - 96D) 18553 Books